La piedra lunar /
Збережено в:
| Автор: | |
|---|---|
| Формат: | Книга |
| Мова: | Іспанська |
| Опубліковано: |
Praga, República Checa :
e-artnow,
2015
|
| Серія: | (Clásicos de la Literatura e-artnow)
|
| Предмети: | |
| Онлайн доступ: | Ver documento en línea |
| Теги: |
Немає тегів, Будьте першим, хто поставить тег для цього запису!
|
MARC
| LEADER | 00000nam^a2200000^a^4500 | ||
|---|---|---|---|
| 001 | 000575530 | ||
| 005 | 20251023000000.0 | ||
| 009 | 20260310132411.379 | ||
| 022 | |a 9788026835110 | ||
| 037 | |a Acervo ITESO - Biblioteca | ||
| 041 | |a ESP | ||
| 082 | |a 823. |b COL | ||
| 100 | |a Collins, Wilkie |e (autor) | ||
| 240 | 1 | 4 | |a [La piedra lunar] |
| 245 | 1 | 3 | |a La piedra lunar / |c W. Collins ; tr. por Horacio Laurora. |
| 264 | 1 | |a Praga, República Checa : |b e-artnow, |c 2015 | |
| 264 | 2 | |a Cartagena, España : |b Odilo [distribución], |c 2023 | |
| 300 | |a 1 libro electrónico en línea (1 v. sin paginación) | ||
| 300 | |a 1 recurso en línea | ||
| 336 | |a datos para computadora |b cod |2 rdacontenido | ||
| 337 | |a computadora |b c |2 rdamedio | ||
| 338 | |a recurso en línea |b cr |2 rdasoporte | ||
| 440 | 1 | |a (Clásicos de la Literatura e-artnow) | |
| 500 | |a Traducción de: The Moonstone | ||
| 506 | 1 | |a 1 licencia | |
| 521 | |a Odilo 2023 EEnlace Comunidades Lectoras | ||
| 530 | |a Existe una edición en formato impreso con el mismo título | ||
| 545 | 0 | |a William Wilkie Collins (Londres, Inglaterra, 1824-1889), hijo del paisajista William Collins. Escritor prolijo con 25 novelas, más de 50 relatos, por lo menos 15 obras de teatro y más de 100 ensayos. Amigo cercano de Charles Dickens desde 1851 hasta la muerte de éste en 1870. Fue uno de los escritores más conocidos, mejor pagados y más queridos de los escritores de ficción de la época victoriana. Sin embargo, después de su muerte, su reputación declinó por el escándalo que causó su testamento, ya que dividió su herencia entre sus dos amantes Carolina Graves y Martha Rudd, y reconoció como propios a los tres hijos de esta última. Entre sus obras tenemos la biografía de su padre: Memoires of the Life of William Collins (1848); Rambles Beyond Railways (1851), libro de viajes. Con las novelas Antonina o la caída de Roma (1850) y Basil (1852) inicia una serie de novelas llenas de misterio y violencia, dentro de un entorno de clase media, que sentaron las bases del moderno relato detectivesco inglés; tiene además La dama de Blanco (1860); Armadele (1862); la Piedra lunar (1868) y Sin nombre, (1862). En la década de 1870, Collins ensayó temas y formas nuevas como en La pobre señorita Finch (1871-1872), adaptada a la televisión alemana. | |
| 649 | |a XX | ||
| 650 | |a Realeza en la Literatura | ||
| 650 | |a Piedras Preciosas en la Literatura | ||
| 650 | |a Robo y Tráfico de Arte en la Literatura | ||
| 650 | |a Novela Inglesa | ||
| 650 | |a Literatura Inglesa - |y Siglo XIX | ||
| 650 | |a Literatura Policíaca y de Misterio - |z Inglaterra | ||
| 856 | 4 | 0 | |u https://iteso-odilotk-es.ezproxy.iteso.mx/info/03489219 |y Ver documento en línea |
| 910 | |a Fondo General | ||
| 920 | |a Electrónicos - Libros en Línea | ||
| 930 | |a Plataforma Digital | ||
| 940 | |a Literatura | ||
| 905 | |a 205 | ||
| 901 | |a 575530-1 |b IT2 |c EBO |i C |u 20250521 | ||
| 902 | |a https://opac.biblio.iteso.mx/vufind/Record/000575530 | ||